[Event "Vandoeuvre op"]
[Site "Vandoeuvre"]
[Date "2004.12.26"]
[Round "1"]
[White "Barroyer, Quentin"]
[Black "Zago, Jerome"]
[Result "1/2-1/2"]
[WhiteElo "1610"]
[BlackElo "1970"]
[PlyCount "40"]
[EventDate "2004.12.26"]
[EventType "swiss"]
[EventRounds "9"]
[EventCountry "FRA"]
[SourceTitle "CBM 104 Extra"]
[Source "ChessBase"]
[SourceDate "2005.03.01"]
[SourceVersion "1"]
[SourceVersionDate "2005.03.01"]
[SourceQuality "1"]

1. e4 d6 2. d4 Nf6 3. Bd3 e5 4. d5 Nbd7 5. Be3 Be7 6. Ne2 0-0 7. 0-0 Ng4 8. Bd2 f5 9. f4 fxe4 10. Bxe4 Nc5 11. Nbc3 Nf6 12. Ng3 Nfxe4 13. Ncxe4 Nd7 14. Qh5 Nf6 15. Nxf6+ Bxf6 16. fxe5 Bxe5 17. Rxf8+ Qxf8 18. Rf1 Qe7 19. Bg5 Bf6 20. Bxf6 gxf6 1/2-1/2